| 000 | 01132nam0a22002651 4500 | ||
|---|---|---|---|
| 001 | rc\3799344 | ||
| 005 | 20120311164304.1 | ||
| 035 | _a(NLR Aleph) 007246100 | ||
| 090 |
_a7771530 _c7771530 |
||
| 100 | _a20120311d1975 |||y0rusy50 ca | ||
| 101 | 0 | _arus | |
| 102 | _aRU | ||
| 105 | _ay z ||||| | ||
| 200 | 1 |
_aПоследовательность работы командира невоенизированного формирования по организации и ведению СНАВР в очаге поражения (заражения) _e[Метод. пособие] _fПод ред. Д.Д. Дубины _gМоск. высш. и сред. спец. образ. СССР. Моск. авиац. ин-т им. С. Орджоникидзе |
|
| 210 |
_aМосква _cБ. и. _d1975 |
||
| 215 |
_a71 с. _d21 |
||
| 320 | _aБиблиогр.: с. 70 | ||
| 333 | _aДСП. Экз. № 5 | ||
| 700 | 1 |
_aЗатурян _bФ. С. _gФедор Семенович |
|
| 702 | 1 |
_aДубина _bД. Д. _4340 |
|
| 801 | 0 |
_aRU _bNLR _gpsbo |
|
| 801 | 1 |
_aRU _bELAR _2rusmarc |
|
| 852 |
_aNLR _j75-50К/6936 |
||
| 942 | _cBOOK | ||
| 980 | _aNB | ||